Morse - Mot à traduire #2 - Statistiques

Statistiques générales
  • Ce quiz a été pris 30 fois
  • Le résultat moyen est 10 sur 15
Statistiques - réponses
Code Morse Traduction % Correct
--/---/-./-/.-/--./-./. MONTAGNE
100%
-.-./.-./.-/.--./..-/.-../. CRAPULE
88%
--../../-../.-/-./. ZIDANE
79%
...././.../... HESS
75%
-/.-./.-/-../..-/-.-./-/../---/-. TRADUCTION
75%
-.--/.-/---/..-/.-./- YAOURT
75%
-.-./---/.-./-..././../.-../.-../. CORBEILLE
71%
--/.-/.---/..-/.../-.-./..-/.-.././... MAJUSCULE
71%
.-../.-/.../.-/--./-././... LASAGNES
63%
--.-/..-/./.-././.-../.-../. QUERELLE
63%
.--/.-/-./.-/-../---/--- WANADOO
63%
-.-./..../.-/.-././-./-/.-/../.../. CHARENTAISE
58%
-.-./---/-.-./-.-./-.--/-..- COCCYX
54%
.-./..../---/-../---/-.././-./-../.-./---/-. RHODODENDRON
54%
-..-/---/-.-./---/.-/.-../- XOCOALT
54%
Aucun quiz correspondant
Distribution des résultats
% des personnes avec chaque résultat
Percentile par nombre de réponses
Votre historique - résultats
Vous n’avez pas pris ce quiz